[Event "HUN-chT2 Toth 1112"]
[Site "Hungary"]
[Date "2011.11.13"]
[Round "3.8"]
[White "Diamant, Tibor"]
[Black "Rakhely, Marcell Matyas"]
[Result "1-0"]
[WhiteElo "2104"]
[BlackElo "1915"]
[PlyCount "79"]
[EventDate "2011.09.25"]
[EventType "team-tourn"]
[EventRounds "11"]
[EventCountry "HUN"]
[SourceTitle "EXT 2013"]
[Source "ChessBase"]
[SourceDate "2012.11.22"]
[SourceVersion "1"]
[SourceVersionDate "2012.11.22"]
[SourceQuality "1"]
[WhiteTeam "Mako"]
[BlackTeam "Maroczy II"]
[WhiteTeamCountry "HUN"]
[BlackTeamCountry "HUN"]

1. e4 c5 2. Nf3 Nc6 3. d4 cxd4 4. Nxd4 Nf6 5. Nc3 e5 6. Ndb5 d6 7. Bg5 a6 8. Na3 b5 9. Bxf6 gxf6 10. Nd5 Bg7 11. c3 f5 12. Bd3 Ne7 13. exf5 Nxd5 14. Bxb5+ axb5 15. Qxd5 Bxf5 16. Nxb5 0-0 17. Qxd6 Qxd6 18. Nxd6 Be6 19. a4 Rfd8 20. Ne4 Bd5 21. f3 Bxe4 22. fxe4 Rdb8 23. b4 Rc8 24. Kd2 Bh6+ 25. Kc2 Rc4 26. Rhd1 Rac8 27. Rd3 Rxb4 28. Rd8+ Rxd8 29. cxb4 Kf8 30. b5 Ke7 31. a5 Kd7 32. Rd1+ Kc8 33. Rf1 Rd7 34. Kb3 Bg7 35. a6 f6 36. Rc1+ Rc7 37. a7 Rxc1 38. a8Q+ Kd7 39. Qa7+ Rc7 40. b6 1-0

[Event "HUN-ch U16"]
[Site "Budapest"]
[Date "2010.06.27"]
[Round "2"]
[White "Feher, Adam"]
[Black "Rakhely, Marcell Matyas"]
[Result "1-0"]
[WhiteElo "2260"]
[BlackElo "1630"]
[PlyCount "99"]
[EventDate "2010.06.26"]
[EventType "swiss"]
[EventRounds "9"]
[EventCountry "HUN"]
[SourceTitle "CBM 137 Extra"]
[Source "ChessBase"]
[SourceDate "2010.09.01"]
[SourceVersion "1"]
[SourceVersionDate "2010.09.01"]
[SourceQuality "1"]

1. e4 c5 2. Nf3 Nc6 3. d4 cxd4 4. Nxd4 Nf6 5. Nc3 e5 6. Ndb5 d6 7. Bg5 a6 8. Na3 b5 9. Nd5 Be7 10. Bxf6 Bxf6 11. c3 Ne7 12. Nxf6+ gxf6 13. Bd3 Bb7 14. Qe2 Rc8 15. Nc2 Qd7 16. Ne3 Ng6 17. g3 Ne7 18. f3 Kf8 19. a4 bxa4 20. 0-0 h5 21. Bxa6 Ra8 22. Bxb7 Qxb7 23. Rfd1 Qb6 24. Kg2 Qc6 25. Qd3 Qb6 26. Nc4 Qb3 27. Rd2 Rd8 28. Ra3 Qb5 29. Ne3 Qc6 30. Qc2 Ra8 31. b4 axb3 32. Rxa8+ Qxa8 33. Qxb3 Qc6 34. Qb4 Kg7 35. Rxd6 Qc7 36. Rd2 Rb8 37. Qxe7 Qxe7 38. Nf5+ Kf8 39. Nxe7 Kxe7 40. Kf2 Ke6 41. g4 Rh8 42. Kg3 h4+ 43. Kh3 f5 44. gxf5+ Kf6 45. Kg4 Rg8+ 46. Kxh4 Rh8+ 47. Kg3 Rg8+ 48. Kf2 Rh8 49. Ke3 Rc8 50. Rc2 1-0

[Event "HUN-chT2 Toth 0910"]
[Site "Hungary"]
[Date "2010.04.18"]
[Round "10.12"]
[White "Rakhely, Marcell Matyas"]
[Black "Egyed, Viktoria"]
[Result "1/2-1/2"]
[WhiteElo "1621"]
[BlackElo "1501"]
[PlyCount "97"]
[EventDate "2009.11.08"]
[EventType "team-tourn"]
[EventRounds "11"]
[EventCountry "HUN"]
[SourceTitle "EXT 2011"]
[Source "ChessBase"]
[SourceDate "2010.11.26"]
[SourceVersion "1"]
[SourceVersionDate "2010.11.26"]
[SourceQuality "1"]
[WhiteTeam "Maroczy II"]
[BlackTeam "Karcag"]
[WhiteTeamCountry "HUN"]
[BlackTeamCountry "HUN"]

1. e4 c5 2. Nf3 a6 3. d4 cxd4 4. Nxd4 e6 5. Be2 Qc7 6. Nc3 Nf6 7. Be3 Bb4 8. Qd3 0-0 9. 0-0 Nc6 10. Nf3 b5 11. h3 Bb7 12. Bg5 Be7 13. Rad1 Rad8 14. Qe3 Nb4 15. Rd2 Bc5 16. Nd4 e5 17. Qg3 Qb6 18. Nf5 g6 19. a3 Nxc2 20. Rxc2 Bxe4 21. Nh6+ Kg7 22. Bxf6+ Qxf6 23. Nxe4 Qb6 24. Qxe5+ Kxh6 25. Qxc5 Qe6 26. Qe3+ Kg7 27. Rfc1 Rfe8 28. Qd4+ f6 29. Nc5 Qf5 30. Bg4 Qg5 31. Nxd7 h5 32. Bf3 Re7 33. Rc7 Kh6 34. Qa7 Rdxd7 35. Rxd7 Qxc1+ 36. Kh2 Qf4+ 37. g3 Rxd7 38. Qxd7 Qxf3 39. Qd2+ g5 40. Kg1 Qf5 41. h4 Kg6 42. hxg5 fxg5 43. Qd6+ Qf6 44. Qb4 Qf5 45. Kg2 Qd5+ 46. f3 g4 47. Qc3 gxf3+ 48. Qxf3 Qd2+ 49. Qf2 1/2-1/2

[Event "HUN-ch U14"]
[Site "Balatonlelle"]
[Date "2009.07.03"]
[Round "7"]
[White "Rakhely, Marcell Matyas"]
[Black "Albrecht, Gabor"]
[Result "1/2-1/2"]
[WhiteElo "1542"]
[BlackElo "1804"]
[PlyCount "42"]
[EventDate "2009.06.27"]
[EventType "swiss"]
[EventRounds "9"]
[EventCountry "HUN"]
[SourceTitle "EXT 2011"]
[Source "ChessBase"]
[SourceDate "2010.11.26"]
[SourceVersion "1"]
[SourceVersionDate "2010.11.26"]
[SourceQuality "1"]

1. e4 c5 2. Nf3 e6 3. d4 cxd4 4. Nxd4 a6 5. Nc3 Qc7 6. Bd3 Nf6 7. 0-0 Bc5 8. Be3 b5 9. Kh1 Qb6 10. Nce2 Bb7 11. b4 Bxd4 12. Bxd4 Qd8 13. Ng3 Nc6 14. Bc3 d6 15. a3 Ne5 16. f4 Nxd3 17. cxd3 0-0 18. Nh5 Nxh5 19. Qxh5 f5 20. Rae1 Qc7 21. Ba1 Qf7 1/2-1/2

[Event "HUN-ch U14"]
[Site "Balatonlelle"]
[Date "2009.06.30"]
[Round "4"]
[White "Bagi, Mate"]
[Black "Rakhely, Marcell Matyas"]
[Result "1-0"]
[WhiteElo "1986"]
[BlackElo "1542"]
[PlyCount "71"]
[EventDate "2009.06.27"]
[EventType "swiss"]
[EventRounds "9"]
[EventCountry "HUN"]
[SourceTitle "EXT 2011"]
[Source "ChessBase"]
[SourceDate "2010.11.26"]
[SourceVersion "1"]
[SourceVersionDate "2010.11.26"]
[SourceQuality "1"]

1. e4 c5 2. Nf3 Nc6 3. d4 cxd4 4. Nxd4 Nf6 5. Nc3 e5 6. Ndb5 d6 7. Bg5 a6 8. Na3 b5 9. Nd5 Be7 10. Bxf6 Bxf6 11. c4 b4 12. Nc2 a5 13. g3 Bg5 14. Bg2 Ne7 15. 0-0 0-0 16. Nxe7+ Qxe7 17. b3 Be6 18. Qd3 f5 19. f4 Bh6 20. Ne3 Qa7 21. Kh1 fxe4 22. Bxe4 Bh3 23. Ng2 Rad8 24. Bxh7+ Kh8 25. Be4 exf4 26. Nxf4 Rxf4 27. Rxf4 Bxf4 28. gxf4 Qd7 29. f5 Bg4 30. Rg1 Bh5 31. Qh3 g6 32. Rxg6 Qh7 33. Rg5 Bg6 34. Qe3 Qg7 35. Rxg6 Qa1+ 36. Rg1 1-0